| 000 | 00762nam a22002293a 4500 | ||
|---|---|---|---|
| 005 | 20230624064042.0 | ||
| 008 | 011023s1999 mx fr 000 0 spa d | ||
| 020 | _a8425421020 | ||
| 035 | _aUPN01000113356 | ||
| 049 | _aCG | ||
| 050 | 4 |
_aHM132 _bT6.2 |
|
| 100 | 1 | _aTorres Medina, Carmen | |
| 245 | 1 | 0 |
_aDinámica de grupos en formación de formadores : _bcasos prácticos / _cCarmen Torres Medina, Ma. José Pérez de Villar Ruiz. |
| 260 |
_aBarcelona, Esp. : _bHerder, _cc1999. |
||
| 300 | _a229 p. | ||
| 440 | 0 |
_aBiblioteca de psicología. _pTextos universitarios. |
|
| 650 | 4 |
_aRelaciones interpersonales _91551 |
|
| 650 | 4 |
_aDinámica de grupos _96712 |
|
| 700 | 1 |
_aPérez de Villar Ruiz, María José, _ecoaut. |
|
| 902 | _aMMA/mema | ||
| 905 | _aLibro | ||
| 999 |
_c87264 _d87264 |
||